00577nam a2200193 a 4500008004100000020001500041050001600056100003300072245002500105246006100130250001200191260004100203300002200244350000900266500004700275650001500322650002600337700002000363120416s1979 ||||||||||||||||| || u a0201020319 aHD 58.8 For aWeil, Raymond, 1923 June 11-10aManaging with people aa manager's handbook of organization development methods a2nd. ed aReading, Mass.bAddison-Wesleyc1979 axiii, 206p. : ill a0.00 aIncludes index. -Bibliography: p. 191-193. 0aMANAGEMENT 0aORGANIZATIONAL CHANGE aFordyce, Jack K